00582nam a2200205Ia 4500003000400000005001700004006001800021007000300039008004100042024001000083037001100093040001800104041001300122100001800135110006200153245005400215260000900269700003600278700006200314OSt20220930073156.0a|||||r|||| 00| 0ta220926b |||||||| |||| 00| 0 hin d a28453 cTheses aCRLcCRLbhin 2hinahin aGupta Anupama aUniversity of Delhi. Faculty of Arts. Department of Hindi 0asathottar hindi mahila kahanikaro ka natikta bodh c2000 a Surendra Nath Singh Supervisor aUniversity of Delhi. Faculty of Arts. Department of Hindi